REIMAGINING BUSINESS EDUCATION INSIGHTS (Record no. 28974)

MARC details
000 -LEADER
fixed length control field 00389nam a2200145Ia 4500
008 - FIXED-LENGTH DATA ELEMENTS--GENERAL INFORMATION
fixed length control field 240624s9999 xx 000 0 und d
041 ## - LANGUAGE CODE
Language code of text/sound track or separate title eng
082 ## - DEWEY DECIMAL CLASSIFICATION NUMBER
Classification number 650.0711 CAR
100 ## - MAIN ENTRY--PERSONAL NAME
Personal name CARLILE PAUL R
245 ## - TITLE STATEMENT
Title REIMAGINING BUSINESS EDUCATION INSIGHTS
250 ## - EDITION STATEMENT
Edition statement (First edition. ed.)
260 ## - PUBLICATION, DISTRIBUTION, ETC.
Place of publication, distribution, etc. Bingley, UK
300 ## - PHYSICAL DESCRIPTION
Extent xv, 127 pages : , illustrations ; , 23 cm
365 ## - TRADE PRICE
Currency code RS
Holdings
Withdrawn status Lost status Damaged status Not for loan Home library Current library Shelving location Date acquired Cost, normal purchase price Full call number Barcode Date last seen Price effective from Koha item type
        IMTN IMTN Rack 18-B 08/17/2017 2396.00 650.0711 CAR 28974 06/24/2024 06/24/2024 Books
Designed & Maintained by: LRC IMT Nagpur Contact: lrc@imtnag.ac.in© 2024. All Rights Reserved.